Erinnerung und Geschichte
| Titel: | Erinnerung und Geschichte : 60 Jahre nach dem 8. Mai 1945 / hrsg. von Rudolf von Thadden ... |
|---|---|
| Beteiligt: | |
| Veröffentlicht: | Göttingen : Wallstein-Verlag, 2006 |
| Umfang: | 160 Seiten : Illustrationen ; 23 cm |
| Format: | Buch |
| Sprache: | Deutsch |
| Schriftenreihe/ mehrbändiges Werk: |
Genshagener Gespräche ; 9 |
| RVK-Notation: | |
| ISBN: | 3835300490 ; 9783835300491 |
| Hinweise zum Inhalt: |
Inhaltstext
Inhaltsverzeichnis |
alg: 18256717 001A $06000:16-11-06 001B $01999:24-04-24 $t14:13:35.000 001D $00034:22-12-06 001U $0utf8 001X $00 002@ $0Aau 002C $aText $btxt $2rdacontent 002D $aohne Hilfsmittel zu benutzen $bn $2rdamedia 002E $aBand $bnc $2rdacarrier 003@ $0182567176 003O $074270155 $aOCoLC 004A $03-8353-0049-0 $A978-3-8353-0049-1 $fkart. : EUR 14.00 (DE), EUR 14.40 (AT), sfr 25.70 004K $09783835300491 006G $0979867215 006T $006,N25,2091 006U $006,A48,2333 $f20060522 007A $0979867215 $aDNB 007G $0DE02064207F7EA60C7015C12579F9003DDB46 007T $0Herdc0024788m 009P $qtext/html $A2 $3Inhaltstext $uhttp://deposit.dnb.de/cgi-bin/dokserv?id=2815455&prov=M&dok_var=1&dok_ext=htm 009P $qapplication/pdf $A2 $3Inhaltsverzeichnis $uhttp://scans.hebis.de/HEBCGI/show.pl?18256717_toc.pdf $mV:DE-603;B:DE-Mb50 010@ $ager 011@ $a2006 013D $RWissenschaftliche Literatur $RAufsatzsammlung $71071861417 $8Konferenzschrift [Ts1] $9359646190 $y2005 $zGenshagen 017A $asf 021A $aErinnerung und Geschichte $d60 Jahre nach dem 8. Mai 1945 $hhrsg. von Rudolf von Thadden ... 028C $BHerausgeber $RThadden $#Thadden, R. von $#Thadden, Rudolf Joachim von $4edt $7123585252 $8Thadden, Rudolf$cvon$Z1932-2015 [Tp1] $9154463108 033A $pGöttingen $nWallstein-Verlag 034D $a160 Seiten 034I $a23 cm 034M $aIllustrationen 036E $aGenshagener Gespräche $l9 036F $x19 $8Genshagener Gespräche $9188366199 $l9 039U $aRezensiert in $8--Oox--Rusinek, Bernd-A.. Erinnerung und Geschichte. - Göttingen : Wallstein-Verl.. - 2006 [Rezension], 2007 $9395155959 044K $qDNB $RWeltgeschichte $RWeltkrieg $#World War, 1939-1945 $#Guerre mondiale (1939-1945) $#Zweiter Weltkrieg $#2. Weltkrieg $74079167-1 $8Weltkrieg$g1939-1945 [Tsz] $9085224618 044K $qDNB $RKrieg $#War Termination $#Guerre Fin $#Kriegsende $#Krieg Ende $74114316-4 $8Kriegsende [Ts1] $9085341592 045E $c940 045F $a901.0943 $eDDC23BSB 045F/01 $a901 045F/03 $g43 045F/03 $g438 045G $a306.0943 $eDDC23BSB 045G/01 $a306.09 045G/03 $g43 045G/03 $g431 045G/03 $g438 045H $a900.94380904 $eDDC23BSB 045H/01 $a900 045H/03 $f0904 045H/03 $g438 045Z $8NQ 5980 [Tkv] $9410916471 lok: 18256717 3 101B $011-02-09 $t10:17:01.000 101C $011-02-09 101U $0utf8 145S/01 $a039 exp: 18256717 3 1 #EPN 201B/01 $024-05-19 $t10:36:20.000 201C/01 $009-04-08 201U/01 $0utf8 203@/01 $0542202867 208@/01 $a10-06-08 $bzCh 209A/01 $aDienstzimmer: 02/NQ 5980 T363 $ds $f330 $h02 NQ 5980 T363 $x00 209B/01 $a4401 $x05 209B/01 $a4356.519 $x08 209C/01 $aBzG-2008/4944 209G/01 $a1003167619 $x00 209G/01 $aDienstzimmer Wieland, Forschungsst. Bistumsgesch. Limburg, Juridicum Raum 105 $x01 220C/01 $au (urspr. Ausleihcode; Kategorie nicht löschen!) 247C/01 $8601330-2 <30/330>Frankfurt, Universitätsbibliothek J. C. Senckenberg, Bibliothekszentrum Geisteswissenschaften (BzG) $9102599378 lok: 18256717 23 exp: 18256717 23 1 #EPN 201B/01 $022-12-06 $t11:19:12.000 201C/01 $006-12-06 203@/01 $0492337608 208@/01 $a22-12-06 $bz 209A/01 $a25 Ges WD 9033 $du $f024 $hGES WD 9033 $x00 209G/01 $a24476480 $x00 247C/01 $8352024-9 <34/24>Kassel, UB Kassel, Standort Holländischer Platz $9102599459 201U/01 $0utf8 lok: 18256717 24 101B $025-02-08 $t13:36:06.000 101C $025-02-08 101U $0utf8 145Z/01 $a3 5 A 145Z/02 $a3 15 L 145Z/03 $a30 15 L 145Z/04 $a32 5 A 145Z/05 $a32 15 L 145Z/06 $a32 7 O exp: 18256717 24 1 #EPN 201B/01 $025-02-08 $t13:36:06.000 201C/01 $028-11-07 201U/01 $0utf8 203@/01 $0511293445 208@/01 $a25-02-08 $bz 209A/01 $a08.0411 $du $f050 $h08 0411 $x00 209C/01 $a08.0411 K $h08 0411 K 209G/01 $a72042255 $x00 220C/01 $ajwa/hae 247C/01 $8358050-7Marburg, Bibliothek des Herder-Instituts Marburg $9102600961 lok: 18256717 25 101B $022-01-07 $t12:26:35.000 101C $022-01-07 101U $0utf8 145S/01 $a540zb exp: 18256717 25 1 #EPN 201B/01 $001-03-07 $t14:06:28.000 201C/01 $022-01-07 201U/01 $0utf8 203@/01 $0500002312 208@/01 $a01-03-07 $bzu 209A/01 $a238.253 $du $f000 $x00 209C/01 $a07/439-7 209G/01 $a38799492 $x00 209G/01 $aFREIHAND $x01 247C/01 $8651000-0 <77>Mainz, Universität Mainz, Zentralbibliothek $9102599602 lok: 18256717 78 exp: 18256717 78 1 #EPN 201B/01 $019-04-17 $t14:51:20.000 201U/01 $0utf8 203@/01 $0791858375 208@/01 $a12-11-16 $be 209A/01 $a/ $f000 $x00 220C/01 $aTitelaufnehmer: pg;gk 237A/01 $aweiterführende Signatur(en): Herder-Institut: 08.0411 244Z/01 $2Trx $#Poola $#Lenkija $#Polija $#Polen Land $#Poland $#Lengyelország $#Poľsko $#Polsko $8--Trx--Polska$gkraj $x01 $9391345966 244Z/01 $2Trx $#Prusy Wschodnie i Zachodnie $8--Trx--Ost- und Westpreußen $x02 $939113373X 244Z/01 $aGeschichte 1945-2005 $x03 244Z/01 $2Trx $#maailmasõda, teine 1939-1945 $#Antrasis pasaulinis karas 1939-1945 $#World War, Second 1939-1945 $#világháború. második 1939-1945 $#wojna światowa, druga 1939-1945 $#vojna svetová II. 1939-1945 $#válka druhá světová 1939-1945 $#Zweiter Weltkrieg $8--Trx--Weltkrieg, Zweiter$g1939-1945 $x04 $939138239X 244Z/01 $2Trx $#mälestused $#atsiminimai $#Memoirs $#emlékezések $#wspomnienia $#spomienky $#vzpomínky $#memuaarid $#Memoiren $#pamiętniki $#pamäti $#paměti $8--Trx--Erinnerungen $x05 $9391357727 244Z/01 $2Trx $8--Trx--elektronische Ressource $x06 $939138452X 244Z/01 $2Trx $#dzieło zbiorowe $8--Trx--Sammelwerk $x07 $9391384597 245Z/01 $a01.03 $x01 247C/01 $82080>Marburg/Lahn, Herder-Institut, Forschungsbibliothek, Bibliographieportal $9336309341
| LEADER | 00000cam a2200000 c 4500 | ||
|---|---|---|---|
| 001 | 182567176 | ||
| 003 | DE-603 | ||
| 005 | 20240424141335.0 | ||
| 007 | tu | ||
| 008 | 061116s2006 xx |||| | u10||u|ger | ||
| 015 | |a 06,A48,2333 |z 06,N25,2091 |2 dnb | ||
| 016 | 7 | |2 DE-101 |a 979867215 | |
| 020 | |a 3835300490 |c kart. : EUR 14.00 (DE), EUR 14.40 (AT), sfr 25.70 | ||
| 020 | |a 9783835300491 |c kart. : EUR 14.00 (DE), EUR 14.40 (AT), sfr 25.70 | ||
| 024 | 3 | |a 9783835300491 | |
| 035 | |a (DE-599)DNB979867215 | ||
| 035 | |a (OCoLC)74270155 | ||
| 040 | |a DE-603 |b ger |c DE-603 |d DE-603 | ||
| 041 | |a ger | ||
| 082 | 0 | 4 | |8 1\u |a 901.0943 |q DE-101 |2 23/BSB |
| 083 | 0 | |8 2\u |a 306.0943 |q DE-101 |2 23/BSB | |
| 083 | 0 | |8 3\u |a 900.94380904 |q DE-101 |2 23/BSB | |
| 084 | |a 940 |q DE-101 |2 sdnb | ||
| 084 | |a NQ 5980 |0 (DE-625)128676: |0 (DE-603)410916471 |2 rvk | ||
| 085 | |8 1\u |b 901 | ||
| 085 | |8 1\u |z 2 |s 43 | ||
| 085 | |8 1\u |z 2 |s 438 | ||
| 085 | |8 2\u |b 306.09 | ||
| 085 | |8 2\u |z 2 |s 43 | ||
| 085 | |8 2\u |z 2 |s 431 | ||
| 085 | |8 2\u |z 2 |s 438 | ||
| 085 | |8 3\u |b 900 | ||
| 085 | |8 3\u |z 1 |s 0904 | ||
| 085 | |8 3\u |z 2 |s 438 | ||
| 090 | |a b | ||
| 245 | 0 | 0 | |a Erinnerung und Geschichte |b 60 Jahre nach dem 8. Mai 1945 |c hrsg. von Rudolf von Thadden ... |
| 264 | 1 | |a Göttingen |b Wallstein-Verlag |c 2006 | |
| 300 | |a 160 Seiten |b Illustrationen |c 23 cm | ||
| 336 | |a Text |b txt |2 rdacontent | ||
| 337 | |a ohne Hilfsmittel zu benutzen |b n |2 rdamedia | ||
| 338 | |a Band |b nc |2 rdacarrier | ||
| 490 | 1 | |a Genshagener Gespräche |v 9 | |
| 650 | 7 | |a Weltkrieg |g 1939-1945 |0 (DE-588)4079167-1 |0 (DE-603)085224618 |2 gnd | |
| 650 | 7 | |a Kriegsende |0 (DE-588)4114316-4 |0 (DE-603)085341592 |2 gnd | |
| 655 | 7 | |a Konferenzschrift |y 2005 |z Genshagen |2 gnd-content |0 (DE-588)1071861417 |0 (DE-603)359646190 | |
| 700 | 1 | |a Thadden, Rudolf von |d 1932-2015 |e Herausgeber |4 edt |0 (DE-603)154463108 |0 (DE-588)123585252 |2 gnd | |
| 787 | 0 | 8 | |i Rezensiert in |a Rusinek, Bernd-A. |t Erinnerung und Geschichte. - Göttingen : Wallstein-Verl.. - 2006 [Rezension] |w (DE-603)395155959 |
| 830 | 0 | |t Genshagener Gespräche |v 9 |w (DE-603)188366199 |w (DE-600)2125355-9 |9 19 |7 as | |
| 856 | 4 | 2 | |q text/html |u http://deposit.dnb.de/cgi-bin/dokserv?id=2815455&prov=M&dok_var=1&dok_ext=htm |3 Inhaltstext |
| 856 | 4 | 2 | |m V:DE-603;B:DE-Mb50 |q application/pdf |u http://scans.hebis.de/HEBCGI/show.pl?18256717_toc.pdf |3 Inhaltsverzeichnis |
| 924 | 0 | |9 30/330 |a (DE-603)542202867 |b DE-30-330 |c HES |d d |g Dienstzimmer: 02/NQ 5980 T363 | |
| 924 | 0 | |9 34/24 |a (DE-603)492337608 |b DE-34-24 |c HES |d c |g 25 Ges WD 9033 | |
| 924 | 0 | |9 Mb 50 |a (DE-603)511293445 |b DE-Mb50 |c HES |d c |g 08.0411 | |
| 924 | 0 | |9 77 |a (DE-603)500002312 |b DE-77 |c HES |d c |g 238.253 |h FREIHAND | |
| 924 | 0 | |9 2080 |a (DE-603)791858375 |b DE-2080 |c HES |d d |g / | |


